| 000 | 02050nam0a2200445 i 4500 | ||
|---|---|---|---|
| 001 | RU\NLR\BIBL_A\010555045 | ||
| 005 | 20260406062610.0 | ||
| 010 | _a9785917631448 | ||
| 035 | _a(NILC)LIBNET\0000374798 | ||
| 035 | _aRU/KIROV/BIBL/0000487686 | ||
| 035 | _a(NLR Aleph) 010555045 | ||
| 090 |
_a10354626 _c10354626 |
||
| 100 | _a20141203d2013 um y0rusy50 ca | ||
| 101 | 1 |
_arus _cita |
|
| 102 | _aRU | ||
| 105 | _ay|||z||||00gy | ||
| 200 | 1 |
_aЛоренцо Медичи и поэты его круга _e[избранные стихотворения и поэмы] _fперевод [с итал., предисл., коммент.] Александра Триандафилиди |
|
| 210 |
_aМосква _cВодолей _d2013 |
||
| 215 | _a272 с. | ||
| 225 | 1 | _aПространство перевода | |
| 327 | 1 | _aСодерж.: авт.: Лоренцо Медичи, Анджело Полициано, Луиджи Пульчи | |
| 600 | 1 |
_aМедичи _bЛ. _f1449 - 1492 _gЛоренцо _9905921 _3RU\NLR\AUTH\66330033 |
|
| 606 | 1 |
_aИтальянская литература _z15 в. _9936575 _3RU\NLR\AUTH\6627180 |
|
| 686 |
_a84(4Ита)42-5я43 _vLBC/M _2rubbk |
||
| 686 |
_a83.3(4Ита)42 _vLBC/M _2rubbk |
||
| 686 | 1 | _aШ6(4Ит)43-5я43{Лх1603.2-175} | |
| 686 | 1 | _aШ5(4Ит)43-3.0 | |
| 686 | 1 | _aШ5(4Ит)43-4Медичи | |
| 702 | 1 |
_aТриандафилиди _bА. _gАлександр _4730 |
|
| 702 | 1 |
_4570 _8rus _7ca _aМедичи _bЛ. _f1449-1492 _gЛоренцо _3RU\NLR\AUTH\7712777 _9122487 |
|
| 702 | 1 |
_4570 _7ca _8rus _aПолициано _bА. _f1454-1494 _gАнджело _9190723 _3RU\NLR\AUTH\770190774 |
|
| 702 | 1 |
_aПульчи _bЛ. _f1432-1484 _gЛуиджи _4570 |
|
| 801 | 0 |
_aRU _bКировская ГУОНБ _c20130829 _grcr |
|
| 801 | 1 |
_aRU _bКировская ГУОНБ _c20130829 _2rusmarc |
|
| 801 | 2 |
_aRU _bКировская ГУОНБ _c20130923 _2rusmarc |
|
| 942 | _cBOOK | ||
| 980 | _aNBR | ||